<?xml version="1.0" encoding="UTF-8"?>
<collection xmlns="http://www.loc.gov/MARC21/slim">
  <record>
    <leader>00000nam  2200000   4500</leader>
    <controlfield tag="001">INLIS000000000017377</controlfield>
    <controlfield tag="005">20240731104322</controlfield>
    <datafield tag="035" ind1="#" ind2="#">
      <subfield code="a">0010-0724000110</subfield>
    </datafield>
    <controlfield tag="007">ta</controlfield>
    <controlfield tag="008">240731################|##########|#|##</controlfield>
    <datafield tag="084" ind1="#" ind2="#">
      <subfield code="a">R 023 PKP 2023</subfield>
    </datafield>
    <datafield tag="100" ind1=" " ind2="#">
      <subfield code="a">Muhammad Insan Kamil</subfield>
    </datafield>
    <datafield tag="245" ind1="1" ind2="#">
      <subfield code="a">Penyusunan Pedoman Pembentukan Instansi Vertikal Kementerian Agraria dan Tata Ruang/Badan Pertahanan Nasional /</subfield>
      <subfield code="c">Muhammad Insan Kamil</subfield>
    </datafield>
    <datafield tag="260" ind1="#" ind2="#">
      <subfield code="a">Jakarta :</subfield>
      <subfield code="b">Pusbangkom Pimnas dan Manajerial ASN,</subfield>
      <subfield code="c">2023</subfield>
    </datafield>
    <datafield tag="300" ind1="#" ind2="#">
      <subfield code="a">91 halaman ;</subfield>
      <subfield code="c">30 cm</subfield>
    </datafield>
    <datafield tag="650" ind1="#" ind2="4">
      <subfield code="a">Pedoman</subfield>
    </datafield>
    <datafield tag="520" ind1="#" ind2="#">
      <subfield code="a">Berdasarkan UUD NKRI tahun 1945 yang kemudian diatur kembali dalam Pasal 2 Undang-Undang Nomor 5 Tahun 1960 tentang Peraturan Dasar Pokok-Pokok Agraria, negara diberikan kewenangan untuk mengatur dan menyelenggarakan peruntukan, penggunaan, persediaan dan pemeliharaan bumi, air dan ruang angkasa, termasuk kekayaan alam yang terkandung di dalamnya. Kementerian Agraria dan Tata Ruang/Badan Pertahanan Nasional telah membentuk lembaga vertikal pertanahan di daerah, baik Kantor Wilayah Badan Pertanahan Nasional maupun Kantor Pertanahan, sesuai amanat Peraturan Menteri Agraria dan Tata Ruang/Kepala Badan Pertanahan Nasional Nomor 17 Tahun 2020 tentang Organisasi dan Tata Kerja Kantor Wilayah Badan Pertanahan Nasional dan Kantor Pertanahan. Namun demikian, mengingat dinamika perubahan organisasi terhadap lembaga vertikal pertahanan di daerah semakin dibutuhkan. Oleh karena itu, untuk mewujudkandesain/ struktur organisasi vertikal pertahanan yang adaptif, tepat fungsi, tepat proses, dan tepat ukuran, diperlikan adanya sebuah pedoman pembentukan instansi vertikal pertanahan yang ditetapkan dalam ketentuan atau regulasi yang bersifat mengikat. Sehubungan dengan hal tersebut, perlu disusun Keputusan Menteri mengenai pedoman pembentukan instansi vertikal Kementerian Agraria dan Tata Ruang/ Badan Pertahanan Nasional.</subfield>
    </datafield>
    <datafield tag="856" ind1="#" ind2="#">
      <subfield code="a">Perpustakaan LAN Pusat</subfield>
    </datafield>
    <datafield tag="990" ind1="#" ind2="#">
      <subfield code="a">24.07.023</subfield>
    </datafield>
  </record>
</collection>
